Carte du monde sans 12 pays n°2 - une minute sprint - Statistiques

Statistiques générales
  • Ce quiz a été pris 329 fois
  • Le résultat moyen est 8 sur 12
Réponses sur la Carte
Les réponses sont colorées sur une échelle allant du rouge au vert en fonction du pourcentage des utilisateurs qui les ont devinées à leur premier essai. Vous pouvez retrouver ces pourcentages ci-dessous.
 
Statistiques - réponses
pays % Correct
Panama
98%
Australie
94%
Portugal
91%
Maroc
87%
Corée du Nord
77%
Islande
63%
Grèce
61%
Viêt Nam
52%
Cuba
51%
Arménie
49%
Géorgie
49%
Malaisie
42%
Aucun quiz correspondant
Distribution des résultats
% des personnes avec chaque résultat
Percentile par nombre de réponses
Votre historique - résultats
Vous n’avez pas pris ce quiz